000
00277nam a22001217a 4500
008
170714b xxu||||| |||| 00| 0 eng d
041
_a
eng
080
_a
101
100
_a
24
101
_a
FIL
245
_a
BASIC WRITINGS OF SAINT THOMAS AQUINAS
_c
PEGIS,A.C
942
_2
udc
_c
BK
999
_c
20948
_d
20948